[Event "CRO-chT2 West"]
[Site "Croatia"]
[Date "2014.11.16"]
[Round "9.36"]
[White "Juras, Zvonko"]
[Black "Kvaternik, Kresimir"]
[Result "1/2-1/2"]
[WhiteElo "1907"]
[BlackElo "2029"]
[PlyCount "94"]
[EventDate "2014.03.15"]
[EventType "team-tourn"]
[EventRounds "9"]
[EventCountry "CRO"]
[SourceTitle "EXT 2019"]
[Source "ChessBase"]
[SourceDate "2018.10.10"]
[SourceVersion "1"]
[SourceVersionDate "2018.10.10"]
[SourceQuality "1"]
[WhiteTeam "Buje"]
[BlackTeam "Delnice"]
[WhiteTeamCountry "CRO"]
[BlackTeamCountry "CRO"]

1. e4 c5 2. d4 cxd4 3. c3 d5 4. Qxd4 e6 5. exd5 Qxd5 6. Nf3 Nc6 7. Qxd5 exd5 8. Bf4 Nf6 9. Bb5 Bd7 10. 0-0 0-0-0 11. Nbd2 Bc5 12. Ng5 Be8 13. h3 h6 14. Ngf3 g5 15. Bh2 Bd6 16. Bxd6 Rxd6 17. Rad1 Re6 18. Bxc6 Bxc6 19. Nd4 Ree8 20. Rfe1 Bd7 21. c4 Kb8 22. cxd5 Nxd5 23. Nc4 Rxe1+ 24. Rxe1 Re8 25. Rxe8+ Bxe8 26. Nd6 Nc7 27. N4f5 h5 28. Ng7 Bd7 29. Nxh5 Be6 30. a3 Na8 31. g4 Nb6 32. Ne4 f5 33. Nxg5 Bc8 34. f3 Nc4 35. Ng7 fxg4 36. fxg4 Nxb2 37. Nf5 Nc4 38. Kf2 Nxa3 39. h4 b5 40. h5 Nc4 41. Nf3 b4 42. h6 b3 43. h7 b2 44. h8Q b1Q 45. Qc3 Qb2+ 46. Qxb2+ Nxb2 47. N3d4 Nd3+ 1/2-1/2

[Event "CRO-chT2 West"]
[Site "Croatia"]
[Date "2014.03.29"]
[Round "4.15"]
[White "Levar, Nenad"]
[Black "Kvaternik, Kresimir"]
[Result "0-1"]
[WhiteElo "2099"]
[BlackElo "2029"]
[PlyCount "180"]
[EventDate "2014.03.15"]
[EventType "team-tourn"]
[EventRounds "9"]
[EventCountry "CRO"]
[SourceTitle "EXT 2019"]
[Source "ChessBase"]
[SourceDate "2018.10.10"]
[SourceVersion "1"]
[SourceVersionDate "2018.10.10"]
[SourceQuality "1"]
[WhiteTeam "Karlobag"]
[BlackTeam "Delnice"]
[WhiteTeamCountry "CRO"]
[BlackTeamCountry "CRO"]

1. Nf3 Nf6 2. g3 d5 3. d4 Bg4 4. Bg2 e6 5. c4 Nbd7 6. Qb3 Rb8 7. Nc3 dxc4 8. Qxc4 Nb6 9. Qd3 Be7 10. a4 a6 11. 0-0 0-0 12. e4 Nbd7 13. Bf4 Nc5 14. Qc4 Ncxe4 15. Nxe4 Nxe4 16. Bxc7 Qc8 17. Qc1 Bxf3 18. Bxb8 Bxg2 19. Re1 Qxb8 20. Kxg2 Rc8 21. Qe3 Nf6 22. Rac1 Nd5 23. Qe5 h6 24. Qxb8 Rxb8 25. Kf3 Kh7 26. Re2 a5 27. Ke4 b5 28. axb5 Rxb5 29. Rc8 Bf6 30. Rd2 Kg6 31. f4 Be7 32. Ra8 Bb4 33. Re2 Rb7 34. Ra6 Kh7 35. Rc2 Rd7 36. Rc4 g5 37. fxg5 hxg5 38. Kf3 Kg6 39. h3 Rd8 40. Rc1 Ne7 41. Rd1 Rd5 42. g4 Kg7 43. Ke4 Ng6 44. Ra7 Be7 45. Ra1 Bf6 46. Ra4 Rb5 47. Ra2 Rb4 48. R2xa5 Rxd4+ 49. Kf3 Rb4 50. R5a6 Rb3+ 51. Ke4 Nf4 52. Rd6 Rxb2 53. Rdd7 Nxh3 54. Rxf7+ Kg6 55. Rf8 Rb4+ 56. Kf3 Nf4 57. Rg8+ Kh6 58. Rf8 Bc3 59. Rc8 Bd4 60. Ra3 Kg6 61. Rg8+ Kh6 62. Ra2 Rb2 63. Rxb2 Bxb2 64. Ke4 Bf6 65. Ra8 Kg6 66. Ra7 Bc3 67. Rc7 Nd5 68. Rb7 Nf6+ 69. Kf3 e5 70. Rb6 e4+ 71. Kg3 Be5+ 72. Kg2 Bf4 73. Ra6 Kf7 74. Ra7+ Ke6 75. Ra6+ Ke5 76. Ra5+ Kd4 77. Ra4+ Kd3 78. Ra3+ Kd4 79. Ra4+ Ke5 80. Ra5+ Nd5 81. Rb5 Kd4 82. Rb3 Ne3+ 83. Kh3 Nc4 84. Kg2 e3 85. Rb7 Ne5 86. Rb4+ Kc3 87. Re4 Nxg4 88. Kf3 Kd3 89. Re8 Ne5+ 90. Kg2 e2 0-1

[Event "CRO-chT2 West"]
[Site "Croatia"]
[Date "2014.03.16"]
[Round "3.56"]
[White "Kvaternik, Kresimir"]
[Black "Bastijanic, Dusan"]
[Result "0-1"]
[WhiteElo "2029"]
[BlackElo "2169"]
[PlyCount "86"]
[EventDate "2014.03.15"]
[EventType "team-tourn"]
[EventRounds "9"]
[EventCountry "CRO"]
[SourceTitle "EXT 2019"]
[Source "ChessBase"]
[SourceDate "2018.10.10"]
[SourceVersion "1"]
[SourceVersionDate "2018.10.10"]
[SourceQuality "1"]
[WhiteTeam "Delnice"]
[BlackTeam "Pula"]
[WhiteTeamCountry "CRO"]
[BlackTeamCountry "CRO"]

1. d4 d5 2. c4 e6 3. Nc3 Nf6 4. Nf3 c6 5. e3 Nbd7 6. Qc2 Bd6 7. Bd3 0-0 8. 0-0 a6 9. a3 b5 10. cxd5 cxd5 11. e4 dxe4 12. Nxe4 Qc7 13. Bg5 Bb7 14. Nxf6+ Nxf6 15. Rac1 Qxc2 16. Rxc2 Rfc8 17. Rfc1 h6 18. Be3 Kf8 19. Nd2 Ke7 20. Rxc8 Rxc8 21. Rxc8 Bxc8 22. Ne4 Nxe4 23. Bxe4 f5 24. Bc6 Bd7 25. Bxd7 Kxd7 26. Kf1 Kc6 27. Ke2 Kd5 28. Kd3 Bxh2 29. g3 g5 30. Bd2 f4 31. g4 f3 32. Bb4 e5 33. dxe5 Bxe5 34. Bf8 Bxb2 35. Bxh6 Bxa3 36. Bxg5 Bc5 37. Bh4 a5 38. g5 a4 39. g6 Ke6 40. Kc3 b4+ 41. Kc4 b3 42. g7 Kf7 43. Bf6 Bxf2 0-1

[Event "Pula CC-ch"]
[Site "Pula"]
[Date "2014.02.07"]
[Round "7"]
[White "Kvaternik, Kresimir"]
[Black "Fercec, Nenad"]
[Result "0-1"]
[WhiteElo "2034"]
[BlackElo "2473"]
[PlyCount "120"]
[EventDate "2014.01.17"]
[EventType "swiss"]
[EventRounds "9"]
[EventCountry "CRO"]
[SourceTitle "EXT 2016"]
[Source "ChessBase"]
[SourceDate "2015.10.08"]
[SourceVersion "1"]
[SourceVersionDate "2015.10.08"]
[SourceQuality "1"]

1. d4 Nf6 2. c4 g6 3. Nc3 d5 4. Nf3 Bg7 5. e3 0-0 6. cxd5 Nxd5 7. Be2 c5 8. 0-0 cxd4 9. Nxd4 Nxc3 10. bxc3 a6 11. Qb3 Qc7 12. Ba3 Re8 13. Rab1 e5 14. Nf3 b5 15. Ng5 Nc6 16. Bd6 Qb7 17. Bf3 Be6 18. Nxe6 Rxe6 19. Bc5 e4 20. Bg4 Ree8 21. Bd4 Nxd4 22. cxd4 h5 23. Bh3 Kh7 24. Rfc1 f5 25. a4 Rec8 26. Rxc8 Rxc8 27. g3 b4 28. Bf1 a5 29. Bb5 Rc3 30. Qe6 Qc8 31. Bd7 Qg8 32. Qa6 Qf7 33. Bb5 f4 34. gxf4 Qf5 35. Be2 Rc2 36. Kg2 Bf6 37. h3 Bh4 38. Rf1 Qf7 39. Qb5 Qf5 40. Qa6 Qc8 41. Qb5 Qc6 42. Bd1 Qxb5 43. axb5 Rc3 44. Ba4 Bd8 45. Ra1 Kg7 46. Ra2 Kf7 47. Kf1 Ke6 48. Ke2 Kd5 49. b6 Bxb6 50. Be8 b3 51. Rb2 Kc4 52. Bxg6 a4 53. Bxe4 a3 54. Rb1 a2 55. Ra1 Kb4 56. Kd2 Ba5 57. f5 Ka3 58. Ke2 Kb2 59. Rf1 Rc1 60. Rxc1 Kxc1 0-1

[Event "Pula CC-ch"]
[Site "Pula"]
[Date "2014.02.04"]
[Round "6"]
[White "Terlevic, Mladen"]
[Black "Kvaternik, Kresimir"]
[Result "1/2-1/2"]
[WhiteElo "1841"]
[BlackElo "2034"]
[PlyCount "120"]
[EventDate "2014.01.17"]
[EventType "swiss"]
[EventRounds "9"]
[EventCountry "CRO"]
[SourceTitle "EXT 2016"]
[Source "ChessBase"]
[SourceDate "2015.10.08"]
[SourceVersion "1"]
[SourceVersionDate "2015.10.08"]
[SourceQuality "1"]

1. d4 Nf6 2. c4 g6 3. Nc3 Bg7 4. e4 d6 5. Be2 c6 6. Nf3 e6 7. 0-0 0-0 8. Be3 Nbd7 9. Qc1 Ng4 10. Bg5 f6 11. Bd2 f5 12. h3 Ngf6 13. exf5 exf5 14. Bh6 Ne4 15. Bxg7 Kxg7 16. Bd3 Ndf6 17. Re1 Re8 18. Qc2 d5 19. cxd5 cxd5 20. Nb5 Re7 21. Rac1 a6 22. Nc7 Rb8 23. Ne5 Qd6 24. f3 Ng5 25. Kf2 Ne6 26. Nxe6+ Bxe6 27. Qc5 Rd8 28. Rc3 Ne8 29. Rec1 f4 30. Qxd6 Rxd6 31. Bb1 Rb6 32. b3 Rb4 33. Rd1 Nd6 34. a3 Nb5 35. axb4 Nxc3 36. Re1 Nb5 37. Rd1 Rc7 38. Nd3 g5 39. Nc5 Bf7 40. Bf5 Re7 41. g4 fxg3+ 42. Kxg3 h5 43. Kf2 Kf6 44. Bc2 Be8 45. Rd3 Bg6 46. Rd2 Be8 47. Rd3 Bf7 48. Bd1 Bg6 49. Rd2 Bf5 50. f4 gxf4 51. Bxh5 Bxh3 52. Bf3 Be6 53. Nxe6 Rxe6 54. Bxd5 Rb6 55. Kf3 Nc3 56. Bg8 Rxb4 57. Kxf4 a5 58. Rd3 Nb5 59. Ke4 b6 60. Ke3 Ke7 1/2-1/2

[Event "Pula CC-ch"]
[Site "Pula"]
[Date "2014.01.24"]
[Round "3"]
[White "Zufic, Miroslav"]
[Black "Kvaternik, Kresimir"]
[Result "1-0"]
[WhiteElo "2466"]
[BlackElo "2034"]
[PlyCount "95"]
[EventDate "2014.01.17"]
[EventType "swiss"]
[EventRounds "9"]
[EventCountry "CRO"]
[SourceTitle "EXT 2016"]
[Source "ChessBase"]
[SourceDate "2015.10.08"]
[SourceVersion "1"]
[SourceVersionDate "2015.10.08"]
[SourceQuality "1"]

1. e4 c5 2. Nf3 Nc6 3. d4 cxd4 4. Nxd4 Nf6 5. Nc3 e6 6. Ndb5 d6 7. Bf4 e5 8. Bg5 a6 9. Bxf6 gxf6 10. Na3 Be6 11. Nc4 Rc8 12. Ne3 Nd4 13. Bd3 h5 14. Ncd5 f5 15. c3 f4 16. Nc4 Bg4 17. Qd2 Ne6 18. f3 Qh4+ 19. Qf2 Qxf2+ 20. Kxf2 Nc5 21. Bc2 Be6 22. Ncb6 Rc6 23. b4 Nd7 24. Ba4 Nxb6 25. Nxb6 Kd8 26. Bxc6 bxc6 27. a4 Kc7 28. a5 f5 29. c4 Be7 30. Rhc1 fxe4 31. fxe4 Bh4+ 32. Kf1 Kb7 33. b5 Bg5 34. Rc2 axb5 35. cxb5 cxb5 36. Nd5 Rh7 37. Rb1 Bxd5 38. Rxb5+ Ka6 39. Rxd5 Rb7 40. Rc6+ Ka7 41. Rdxd6 Rb1+ 42. Ke2 Rb2+ 43. Kd3 Rxg2 44. Rd7+ Kb8 45. Rg6 Kc8 46. Rf7 f3 47. Rxf3 Rd2+ 48. Kc3 1-0

[Event "Pula CC-ch"]
[Site "Pula"]
[Date "2014.01.17"]
[Round "1"]
[White "Nikolic, Miroslav"]
[Black "Kvaternik, Kresimir"]
[Result "0-1"]
[WhiteElo "1717"]
[BlackElo "2034"]
[PlyCount "91"]
[EventDate "2014.01.17"]
[EventType "swiss"]
[EventRounds "9"]
[EventCountry "CRO"]
[SourceTitle "EXT 2016"]
[Source "ChessBase"]
[SourceDate "2015.10.08"]
[SourceVersion "1"]
[SourceVersionDate "2015.10.08"]
[SourceQuality "1"]

1. e4 g6 2. d3 Bg7 3. c3 c5 4. Nf3 Nc6 5. Be2 d6 6. 0-0 Nf6 7. Be3 0-0 8. Nbd2 b6 9. Qc2 Bb7 10. d4 e6 11. dxc5 bxc5 12. Bg5 Qc7 13. Bxf6 Bxf6 14. h4 d5 15. exd5 exd5 16. g3 Ne7 17. Nh2 Nf5 18. Bf3 Be5 19. Ng4 Bxg3 20. fxg3 Qxg3+ 21. Bg2 Qxg4 22. Nf3 Ne3 23. Qf2 d4 24. Rfe1 Nxg2 25. Qxg2 Bxf3 26. Qxg4 Bxg4 27. cxd4 cxd4 28. Re4 Bf5 29. Rxd4 Rfd8 30. Rb4 Rdb8 31. Rxb8+ Rxb8 32. b3 h5 33. Re1 Kf8 34. Re5 a6 35. Ra5 Bd3 36. Kf2 Rb4 37. Ke3 Bb5 38. Kd2 Rxh4 39. a4 Bf1 40. Kc3 Rg4 41. b4 Kg7 42. b5 axb5 43. axb5 Rg5 44. Kb4 Rxb5+ 45. Rxb5 Bxb5 46. Kxb5 0-1

[Event "Pula Uljanik CC-ch"]
[Site "Pula"]
[Date "2013.01.26"]
[Round "2"]
[White "Licardo, Renato"]
[Black "Kvaternik, Kresimir"]
[Result "1-0"]
[WhiteElo "2268"]
[BlackElo "2018"]
[PlyCount "91"]
[EventDate "2013.01.17"]
[EventType "swiss"]
[EventRounds "9"]
[EventCountry "CRO"]
[SourceTitle "EXT 2014"]
[Source "ChessBase"]
[SourceDate "2013.11.20"]
[SourceVersion "1"]
[SourceVersionDate "2013.11.20"]
[SourceQuality "1"]

1. e4 e6 2. d4 d5 3. Nc3 Nf6 4. Bg5 Be7 5. e5 Nfd7 6. h4 0-0 7. Bd3 f6 8. exf6 Nxf6 9. Qe2 c5 10. dxc5 Nc6 11. 0-0-0 Nb4 12. Nf3 Bxc5 13. Kb1 Nxd3 14. Rxd3 Bd7 15. Ne5 Qc7 16. Bxf6 Rxf6 17. Nxd7 Qxd7 18. Ne4 Be7 19. Nxf6+ Bxf6 20. g4 g6 21. g5 Bg7 22. h5 e5 23. hxg6 hxg6 24. c4 d4 25. Qe4 Qc6 26. Qh4 Rc8 27. Qh2 Qe4 28. Qh3 Rf8 29. Qe6+ Rf7 30. Rhd1 Kf8 31. Qc8+ Ke7 32. Ka1 Rxf2 33. Rb3 b6 34. Qc7+ Kf8 35. Qb8+ Kf7 36. Qxa7+ Kg8 37. Qxb6 Qg4 38. Qd8+ Bf8 39. Qd5+ Rf7 40. Rh1 Qd7 41. Qxe5 Bg7 42. Rb8+ Rf8 43. Rxf8+ Kxf8 44. Qb8+ Kf7 45. Rf1+ Ke7 46. Qg8 1-0

[Event "CRO-chT2 West"]
[Site "Rijeka"]
[Date "2012.04.21"]
[Round "4.23"]
[White "Kvaternik, Kresimir"]
[Black "Orenda, Omar"]
[Result "0-1"]
[WhiteElo "2006"]
[BlackElo "2140"]
[PlyCount "68"]
[EventDate "2012.03.17"]
[EventType "team-tourn"]
[EventRounds "9"]
[EventCountry "CRO"]
[SourceTitle "EXT 2013"]
[Source "ChessBase"]
[SourceDate "2012.11.22"]
[SourceVersion "1"]
[SourceVersionDate "2012.11.22"]
[SourceQuality "1"]

1. d4 c5 2. d5 e5 3. c4 d6 4. e4 Be7 5. Nc3 Bg5 6. Bxg5 Qxg5 7. Nb5 Qe7 8. Ne2 Nh6 9. Ng3 0-0 10. Bd3 Nd7 11. Qc2 a6 12. Nc3 g6 13. Qd2 Qh4 14. 0-0-0 f5 15. Nge2 f4 16. g3 Qf6 17. f3 Kg7 18. g4 b5 19. cxb5 Nb6 20. Rdg1 Nf7 21. h4 Bd7 22. bxa6 c4 23. Bb1 Rxa6 24. Rg2 Rc8 25. g5 Qe7 26. Nxf4 exf4 27. Qxf4 Ne5 28. Qg3 Na4 29. h5 Be8 30. hxg6 Bxg6 31. f4 Nd3+ 32. Kd2 Nxc3 33. bxc3 Qxe4 34. Re2 Qxh1 0-1

[Event "CRO-chT3 West"]
[Site "Croatia"]
[Date "2011.11.05"]
[Round "7.12"]
[White "Pejic, Irving"]
[Black "Kvaternik, Kresimir"]
[Result "1-0"]
[WhiteElo "2098"]
[BlackElo "2047"]
[PlyCount "147"]
[EventDate "2011.03.12"]
[EventType "team-tourn"]
[EventRounds "9"]
[EventCountry "CRO"]
[SourceTitle "EXT 2014"]
[Source "ChessBase"]
[SourceDate "2013.11.20"]
[SourceVersion "1"]
[SourceVersionDate "2013.11.20"]
[SourceQuality "1"]

1. d4 e6 2. Nf3 Nf6 3. e3 c5 4. Bd3 Nc6 5. 0-0 d5 6. b3 cxd4 7. exd4 Bd7 8. a3 Be7 9. Bb2 0-0 10. Nbd2 Rb8 11. Ne5 Be8 12. f4 g6 13. Rf3 Nh5 14. g4 Ng7 15. Rh3 f6 16. Nxc6 bxc6 17. Qe2 f5 18. g5 Bd6 19. Qe3 Qc7 20. Rf1 Bf7 21. b4 a5 22. c3 Rfe8 23. Nb3 axb4 24. cxb4 Nh5 25. Rhf3 Ra8 26. Bc2 Re7 27. Kg2 Qb8 28. R3f2 Ng7 29. Bd1 Rea7 30. Na5 Rxa5 31. bxa5 Rxa5 32. Qc3 Qa8 33. a4 Nh5 34. Ba3 Bc7 35. Qb4 c5 36. dxc5 d4+ 37. c6 Qxc6+ 38. Kg1 Qe8 39. Bb3 Ra6 40. Qb7 Rc6 41. a5 Bxa5 42. Ba4 Rb6 43. Qxb6 Bxb6 44. Bxe8 Bxe8 45. Rb2 Bc7 46. Rbf2 d3 47. Rf3 d2 48. Bb4 d1Q 49. Rxd1 Nxf4 50. Ra1 Bc6 51. Rfa3 e5 52. h4 Bb6+ 53. Kh2 Bd4 54. Rc1 Bd5 55. Rc8+ Kf7 56. Rc7+ Kg8 57. Ra6 Ne2 58. Rf6 Bg1+ 59. Kh3 Nf4+ 60. Kg3 Nh5+ 61. Kh3 Nxf6 62. gxf6 e4 63. Rc8+ Kf7 64. Rf8+ Ke6 65. Bc3 Bc5 66. Re8+ Kf7 67. Rh8 e3 68. Rxh7+ Kf8 69. Rc7 Ba3 70. Ra7 Bc1 71. Bb4+ Ke8 72. Re7+ Kd8 73. Ba5+ Kc8 74. Rc7+ 1-0

[Event "CRO-chT3 West"]
[Site "Croatia"]
[Date "2010.03.28"]
[Round "3.13"]
[White "Pejic, Igor"]
[Black "Kvaternik, Kresimir"]
[Result "1/2-1/2"]
[WhiteElo "1912"]
[BlackElo "2028"]
[PlyCount "150"]
[EventDate "2010.03.27"]
[EventType "team-tourn"]
[EventRounds "9"]
[EventCountry "CRO"]
[SourceTitle "EXT 2012"]
[Source "ChessBase"]
[SourceDate "2011.11.24"]
[SourceVersion "1"]
[SourceVersionDate "2011.11.24"]
[SourceQuality "1"]

1. e4 c5 2. Nf3 Nc6 3. Nc3 e6 4. d4 cxd4 5. Nxd4 g6 6. Be3 d6 7. Qd2 Nf6 8. 0-0-0 a6 9. Bg5 h6 10. Bh4 g5 11. Bg3 e5 12. Nxc6 bxc6 13. Bxe5 Be6 14. Bxd6 Bg7 15. Bc5 Qc7 16. g3 Nd7 17. Bd4 f6 18. f4 Qa5 19. Bg2 Rb8 20. e5 fxe5 21. Bxe5 Nxe5 22. Qd6 Kf7 23. fxe5 Rhe8 24. Bxc6 Bxe5 25. Bxe8+ Rxe8 26. Qd3 Kg7 27. h4 Bf6 28. Rhe1 Rd8 29. Qf3 Bf7 30. Rxd8 Qxd8 31. Rf1 Qd4 32. hxg5 hxg5 33. Qxf6+ Qxf6 34. Rxf6 Kxf6 35. Kd2 Kf5 36. Ke3 Kg4 37. Kf2 Kf5 38. a3 Ke5 39. Nd1 Be6 40. Ke3 Bf5 41. c3 Kd5 42. Nf2 Kc4 43. Ne4 Kb3 44. Nc5+ Kxb2 45. Nxa6 Kxc3 46. a4 Kc4 47. Nc7 Kb4 48. Na6+ Kxa4 49. Nc5+ Kb5 50. Ne4 Kc6 51. Nxg5 Kd6 52. Kf4 Bd7 53. Nf7+ Ke7 54. Nh6 Kf6 55. Ng4+ Kg7 56. Ne5 Be6 57. Kg5 Bh3 58. Nf3 Kf7 59. Nd4 Kg7 60. Nf5+ Kf7 61. Ne3 Kg7 62. Kh4 Be6 63. Kg5 Bh3 64. Nf5+ Kf7 65. Nd6+ Kg7 66. Ne8+ Kf7 67. Nf6 Kg7 68. Nh5+ Kf7 69. Kh4 Bd7 70. Nf4 Kf6 71. Nh5+ Kg6 72. Nf4+ Kf6 73. Nd3 Bc8 74. Nf2 Kg6 75. Ne4 Bd7 1/2-1/2

[Event "CRO-chT3 West"]
[Site "Croatia"]
[Date "2010.03.27"]
[Round "1.13"]
[White "Oreskovic, Milan"]
[Black "Kvaternik, Kresimir"]
[Result "1-0"]
[WhiteElo "2011"]
[BlackElo "2028"]
[PlyCount "99"]
[EventDate "2010.03.27"]
[EventType "team-tourn"]
[EventRounds "9"]
[EventCountry "CRO"]
[SourceTitle "EXT 2012"]
[Source "ChessBase"]
[SourceDate "2011.11.24"]
[SourceVersion "1"]
[SourceVersionDate "2011.11.24"]
[SourceQuality "1"]

1. Nf3 c5 2. b3 d5 3. Bb2 Nc6 4. d4 Nf6 5. Ne5 Bf5 6. Nxc6 bxc6 7. e3 e6 8. Bd3 Bg4 9. f3 Bh5 10. 0-0 Bd6 11. Qe1 cxd4 12. Bxd4 e5 13. Bb2 Qc7 14. Kh1 Bg6 15. e4 0-0 16. Nd2 Nd7 17. exd5 Bxd3 18. cxd3 cxd5 19. Rc1 Qa5 20. Bc3 Qxa2 21. Qg3 d4 22. Ra1 Qc2 23. Ne4 Be7 24. Bd2 f5 25. Bh6 Rf7 26. Rfc1 Qxd3 27. Rc7 fxe4 28. Rxd7 exf3 29. gxf3 Bf6 30. Rxf7 Kxf7 31. Qg4 Qb5 32. Qe4 Qe8 33. Qd5+ Kf8 34. Bd2 Rd8 35. Qc5+ Qe7 36. Qxa7 Qxa7 37. Rxa7 Rb8 38. b4 Be7 39. Ra5 Bd6 40. f4 e4 41. Rd5 Bxb4 42. Rxd4 Bxd2 43. Rxd2 Kf7 44. Kg1 Kf6 45. Rd5 Re8 46. Kf2 h6 47. Ke3 Re7 48. h4 Re6 49. Rc5 Kg6 50. f5+ 1-0

[Event "Pula op"]
[Site "Pula"]
[Date "2009.06.27"]
[Round "1"]
[White "Zivkovic, Vjekoslav"]
[Black "Kvaternik, Kresimir"]
[Result "1-0"]
[WhiteElo "2413"]
[BlackElo "2011"]
[PlyCount "75"]
[EventDate "2009.06.27"]
[EventType "swiss"]
[EventRounds "9"]
[EventCountry "CRO"]
[SourceTitle "CBM 131 Extra"]
[Source "ChessBase"]
[SourceDate "2009.09.03"]
[SourceVersion "2"]
[SourceVersionDate "2009.09.16"]
[SourceQuality "1"]

1. e4 c5 2. Nf3 Nc6 3. Nc3 g6 4. d4 cxd4 5. Nxd4 Bg7 6. Be3 d6 7. Qd2 Nf6 8. f3 a6 9. 0-0-0 Nxd4 10. Bxd4 Qa5 11. Bc4 0-0 12. Kb1 b5 13. Bb3 Bb7 14. Nd5 Qd8 15. Nxf6+ exf6 16. Bc3 a5 17. Qxd6 b4 18. Qxd8 Rfxd8 19. Bd4 a4 20. Bc4 Rac8 21. b3 axb3 22. cxb3 Rc6 23. Bd5 Rcd6 24. Bc5 R6d7 25. Bxb4 f5 26. Ba5 fxe4 27. Bxf7+ Rxf7 28. Rxd8+ Rf8 29. Rxf8+ Kxf8 30. Kc2 exf3 31. gxf3 g5 32. Bc3 Bh6 33. Rf1 Ke7 34. a4 Kd6 35. b4 Bf8 36. Rd1+ Kc7 37. b5 Bxf3 38. Ba5+ 1-0

[Event "CRO-chT3"]
[Site "Rijeka/Pula"]
[Date "2009.04.25"]
[Round "4"]
[White "Kvaternik, Kresimir"]
[Black "Terlevic, Mladen"]
[Result "1-0"]
[WhiteElo "2011"]
[BlackElo "1927"]
[PlyCount "71"]
[EventDate "2009.04.04"]
[EventType "team-tourn"]
[EventRounds "9"]
[EventCountry "CRO"]
[SourceTitle "EXT 2011"]
[Source "ChessBase"]
[SourceDate "2010.11.26"]
[SourceVersion "1"]
[SourceVersionDate "2010.11.26"]
[SourceQuality "1"]

1. d4 d5 2. c4 Nc6 3. Nf3 e6 4. e3 dxc4 5. Bxc4 Bb4+ 6. Nc3 Nf6 7. a3 Bxc3+ 8. bxc3 0-0 9. 0-0 b6 10. Qc2 Bb7 11. Bd3 Qd5 12. Rb1 Ne7 13. Rb5 Qc6 14. Rg5 Ng6 15. Bb2 Ne4 16. Rh5 f5 17. a4 a6 18. Rc1 h6 19. c4 Qe8 20. Rh3 Ng5 21. Nxg5 hxg5 22. d5 Nh4 23. Rg3 Qh5 24. dxe6 Rae8 25. c5 Bd5 26. cxb6 cxb6 27. Qc7 Qh6 28. e7 Rf7 29. Ba3 f4 30. exf4 gxf4 31. Qd7 Rfxe7 32. Bxe7 Bf7 33. Rg4 f3 34. Rc8 g6 35. Rxe8+ Kh7 36. Rxh4 1-0